Statistics for English Premier League Most Career Shots

Click here to take the quiz!

General Stats

  • This quiz has been taken 774 times
  • The average score is 9 of 15

Answer Stats

ShotsMostly forPlayer% Correct
1,179*TottenhamHarry Kane
98%
1,015Manchester CitySergio Aguero
95%
1,237Manchester UnitedWayne Rooney
95%
826*LiverpoolMohammed Salah
85%
832ChelseaFrank Lampard
80%
663ChelseaDidier Drogba
79%
743LiverpoolSteve Gerrard
72%
675Manchester UnitedCristiano Ronaldo
61%
871TottenhamJermaine Defoe
58%
862ArsenalRobin Van Persie
58%
713*Manchester CityRaheem Sterling
48%
724ChelseaRomelu Lukaku
40%
652Everton/SwanseaGylfi Sigurdsson
20%
654Crystal PalaceChristian Benteke
19%
671*ArsenalTheo Walcott
14%

Score Distribution

Percentile by Number Answered

Percent of People with Each Score

Your Score History

You have not taken this quiz